000 00450nam a2200169 4500
003 CO-ViMGA
020 _a9583014699
040 _aCO-ViMGA
_bspa
_cCO-ViMGA
082 0 4 _aC ROSt
100 1 _aRosales, Bárbara
_94721
245 1 0 _aTito
_bel conejo de la oreja verde
260 _aBogotá
_bPanamericana,
_c2004.
300 _a48 p.
_bil, 27 cm.
650 1 4 _aCuentos Infantiles
_9487
700 1 _aMaria Margarita Reyes
_eil.
_94722
942 _2ddc
_cBK
999 _c35818
_d35818